|
|
|
|
| LEADER |
00000cas a22000004a 4500 |
| 001 |
vtls001372439 |
| 003 |
SK-MaSNL |
| 005 |
20260228155802.0 |
| 008 |
990914u1989uuuuxo qr p 0 0b0slo |
| 035 |
|
|
|a SNK000326289
|
| 040 |
|
|
|a SNK
|b slo
|c SNK
|e AACR2
|
| 041 |
0 |
|
|a slo
|
| 043 |
|
|
|a e-xo---
|
| 044 |
|
|
|a xo
|c SK
|
| 072 |
|
7 |
|a 378
|x Vysoké školy
|2 konspekt
|
| 080 |
|
|
|a 378.4
|2 2011
|
| 080 |
|
|
|a (437.6)
|2 2011
|
| 080 |
|
|
|a (051)-048.55
|2 2011
|
| 245 |
0 |
0 |
|a Universitas comeniana
|b informačný bulletin z vedeckého života Univerzity J. A. Komenského
|
| 260 |
|
|
|a Bratislava
|b Rektorát Univerzity Komenského
|c 1989-
|
| 362 |
0 |
|
|a Roč. 1, č. 1-4 (1989)-
|
| 610 |
2 |
7 |
|a Univerzita Komenského v Bratislave
|2 SNKKA
|9 221617
|
| 650 |
0 |
7 |
|a univerzity
|2 SNKPH
|9 22152
|
| 655 |
|
7 |
|a špecializované časopisy
|2 SNKPH
|9 70509
|
| 850 |
|
|
|a Slovenská národná knižnica v Martine
|
| 999 |
|
|
|c 555
|d 555
|
| 952 |
|
|
|0 0
|1 0
|4 0
|7 0
|a SNK
|b SNK
|d 1999-09-14
|l 0
|o snkČSC 3102/1/1989
|p 17A0210427
|r 2005-01-02 00:00:00
|t P60, <06>, [BOOK], {606}
|w 2026-02-21
|y PREZ
|
| 952 |
|
|
|0 0
|1 0
|4 0
|7 0
|a SNK
|b SNK
|d 2001-10-05
|l 0
|o snkČSC 3102/1/1989 D1
|p 17A0317683
|r 2005-01-02 00:00:00
|t P60, <06>, [BOOK], {606}
|w 2026-02-21
|y PREZ
|
| 952 |
|
|
|0 0
|1 0
|4 0
|7 0
|a SNK
|b SNK
|d 2004-10-18
|i snkČSP 4037/92
|l 0
|o snkČSC 3102/2/1990
|p 17A0445062
|r 2005-01-02 00:00:00
|t P60, <06>, [ISSBD], {606}
|w 2026-02-21
|y PREZ
|
| 952 |
|
|
|0 0
|1 0
|4 0
|7 0
|a SNK
|b SNK
|d 2013-02-06
|i snkČSP 4038/92
|l 0
|o snkČSC 3102/2/1990 D1
|p 17A1053738
|r 2026-02-21 20:06:32
|t č. 1-2
|w 2026-02-21
|y PREZ
|